[Event "AUTO-BEG-407"]
[Site "http://www.queenalice.com/game.php?id=834285"]
[Date "2010.9.17"]
[Round "2"]
[White "ries87"]
[Black "Snoopy_GM"]
[Result "0-1"]
[WhiteElo "1564"]
[BlackElo "1863"]

1. e4 e5 2. Nf3 Nc6 3. Bb5 Nge7 4. O-O g6 5. d4 Bg7 6. Bg5 d6 7. dxe5 dxe5 8.
Qxd8+ Kxd8 9. Nc3 f6 10. Be3 a6 11. Bc4 Bg4 12. Be2 Ke8 13. h3 Bxf3 14. Bxf3 Kf7
15. Bc5 Rhd8 16. Nd5 Nxd5 17. exd5 Ne7 18. Bxe7 Kxe7 19. d6+ cxd6 20. Bxb7 Ra7
21. Bd5 f5 22. f4 e4 23. g4 Bxb2 24. Rab1 Rb8 25. Rbd1 Rb4 26. c4 a5 27. Bg8 h6
28. gxf5 gxf5 29. Bh7 Kf6 30. Rxd6+ Kg7 31. Bxf5 Rxc4 32. Re6 Bd4+ 33. Kg2 e3
0-1

[Event "Challenge"]
[Site "http://www.queenalice.com/game.php?id=836531"]
[Date "2010.9.22"]
[Round "-"]
[White "heberesteves"]
[Black "ries87"]
[Result "0-1"]
[WhiteElo "1492"]
[BlackElo "1486"]

1. e4 e5 2. Qf3 Nf6 3. Bc4 c6 4. g4 d5 5. exd5 cxd5 6. Bb5+ Nc6 7. d3 a6 8. Ba4
Bxg4 9. Qg2 b5 10. Bb3 Bc5 11. Bg5 O-O 12. Bxf6 Qxf6 13. Nh3 Bxh3 14. Qg3 Be6
15. Nd2 a5 16. a4 b4 17. O-O-O Bxf2 18. Qg2 Be3 19. Rde1 Bxd2+ 20. Kxd2 Nd4 21.
Ba2 Nf3+ 22. Kc1 Nxe1 23. Rxe1 Qf4+ 24. Kb1 d4 25. Rf1 Bxa2+ 26. Kxa2 Qh6 27. b3
Qc6 28. Rg1 Qxg2 0-1

[Event "Challenge"]
[Site "http://www.queenalice.com/game.php?id=838850"]
[Date "2010.9.27"]
[Round "-"]
[White "ries87"]
[Black "Jelmoh"]
[Result "1-0"]
[WhiteElo "1611"]
[BlackElo "1289"]

1. b3 f5 2. Bb2 Nc6 3. g3 b6 4. Bg2 e6 5. d4 Ba6 6. e3 Nge7 7. Ne2 d5 8. O-O Ng6
9. c4 Qd7 10. cxd5 exd5 11. Nbc3 Nge7 12. Ba3 g6 13. Bxe7 Bxe7 14. Nxd5 O-O-O
15. Nxe7+ Qxe7 16. Bxc6 Rd6 17. Bg2 Rhd8 18. Qc2 R8d7 19. e4 fxe4 20. Bxe4 c5
21. dxc5 bxc5 22. Qxc5+ Rc7 23. Qe3 h5 24. Rfc1 g5 25. Bf5+ Kd8 26. Rxc7 Qxc7
27. Qxg5+ Ke8 28. Qxh5+ Kd8 29. Nf4 Qc3 30. Ne6+ Kd7 31. Nc5+ Kc7 32. Nxa6+ Kb7
33. Rd1 1-0

[Event "Joehoe"]
[Site "http://www.queenalice.com/game.php?id=838864"]
[Date "2010.9.28"]
[Round "-"]
[White "ykiraz"]
[Black "ries87"]
[Result "0-1"]
[WhiteElo "1224"]
[BlackElo "1560"]

1. e4 e5 2. d4 exd4 3. Qxd4 Nc6 4. Qd3 Nb4 5. Qf3 Nxc2+ 6. Kd2 Nxa1 7. b3 Nxb3+
8. Qxb3 Bc5 9. Qc4 Bxf2 10. Nh3 Bb6 11. Kd3 Nf6 12. Ng5 d5 13. Qb5+ Bd7 14. Qb4
Nxe4 15. Nxe4 dxe4+ 16. Kxe4 Qh4+ 17. Bf4 c5 18. Qc4 Qe1+ 19. Kd5 Qe6# 0-1

[Event "Challenge"]
[Site "http://www.queenalice.com/game.php?id=840140"]
[Date "2010.9.30"]
[Round "-"]
[White "ries87"]
[Black "AdV1"]
[Result "0-1"]
[WhiteElo "1534"]
[BlackElo "1895"]

1. e4 e5 2. Nf3 Nc6 3. Bb5 Bc5 4. c3 Nf6 5. d4 exd4 6. cxd4 Bb4+ 7. Bd2 O-O 8.
Nc3 d6 9. O-O Bg4 10. d5 Nd4 11. Qa4 Nxf3+ 12. gxf3 Bxc3 13. Bxc3 Bxf3 14. Bd3
Nxe4 15. Bxe4 Qg5# 0-1

[Event "Challenge"]
[Site "http://www.queenalice.com/game.php?id=840141"]
[Date "2010.9.30"]
[Round "-"]
[White "AdV1"]
[Black "ries87"]
[Result "1-0"]
[WhiteElo "2066"]
[BlackElo "1564"]

1. e4 e5 2. Nf3 d6 3. Bc4 f5 4. d4 Nf6 5. exf5 Bxf5 6. O-O exd4 7. Nxd4 g6 8.
Re1+ Be7 9. Bg5 Nbd7 10. Nc3 Ng8 11. Nd5 c5 12. Bxe7 Nxe7 13. Nxe7 Ne5 14. Ndxf5
gxf5 15. Nxf5 1-0

[Event "Challenge"]
[Site "http://www.queenalice.com/game.php?id=842752"]
[Date "2010.10.7"]
[Round "-"]
[White "CrazyPoet"]
[Black "ries87"]
[Result "1-0"]
[WhiteElo "1871"]
[BlackElo "1577"]

1. Nf3 d5 2. g3 c5 3. Bg2 Nf6 4. O-O Nc6 5. d3 Bg4 6. Nbd2 e6 7. e4 Bd6 8. Nb3
O-O 9. Qe1 Nb4 10. Qd2 dxe4 11. Ng5 exd3 12. Bxb7 Rb8 13. Bg2 dxc2 14. a3 Na6
15. Qxc2 Qb6 16. Nd2 Bf5 17. Be4 g6 18. Bxf5 exf5 19. Nc4 Qc6 20. Nxd6 Qxd6 21.
Bf4 Qd4 22. Bxb8 Rxb8 23. Rab1 Qg4 24. Qd3 Nc7 25. Qd6 Nfe8 26. Qe7 Qc4 27. Rbc1
Qd5 28. Rfd1 Qb3 29. Rd3 Qa2 30. b3 Kg7 31. Qxf7+ Kh6 32. Qxh7+ Kxg5 33. Qh4#
1-0

[Event "AUTO-INT-1749"]
[Site "http://www.queenalice.com/game.php?id=843099"]
[Date "2010.10.8"]
[Round "2"]
[White "Hagi"]
[Black "ries87"]
[Result "1-0"]
[WhiteElo "1664"]
[BlackElo "1597"]

1. d4 d5 2. e3 Nf6 3. c4 c6 4. c5 b6 5. Nf3 Bg4 6. Be2 Nbd7 7. O-O Bxf3 8. Bxf3
e5 9. Re1 bxc5 10. dxc5 Bxc5 11. Nc3 Bb4 12. a3 Bxc3 13. bxc3 e4 14. Be2 O-O 15.
c4 Qa5 16. Bd2 Qc7 17. cxd5 1-0

[Event "AUTO-INT-1749"]
[Site "http://www.queenalice.com/game.php?id=843100"]
[Date "2010.10.8"]
[Round "2"]
[White "ries87"]
[Black "Hagi"]
[Result "0-1"]
[WhiteElo "1611"]
[BlackElo "1650"]

1. e4 d5 2. exd5 Qxd5 3. Nc3 Qe6+ 4. Be2 Nc6 5. Nf3 Bd7 6. O-O O-O-O 7. b3 Kb8
8. d4 Nf6 9. Bc4 Qd6 10. Nb5 Qb4 11. Bd2 Qd6 12. Nxd6 exd6 13. Bxf7 g6 14. Bg5
Be7 15. Bd5 Nxd5 16. Bxe7 Ndxe7 17. Re1 Nf5 0-1

[Event "AUTO-INT-1749"]
[Site "http://www.queenalice.com/game.php?id=843105"]
[Date "2010.10.8"]
[Round "2"]
[White "ries87"]
[Black "reynegro64"]
[Result "1-0"]
[WhiteElo "1626"]
[BlackElo "1498"]

1. e4 c5 2. c3 d5 3. exd5 Qxd5 4. d4 Nf6 5. Nf3 Bg4 6. Be2 e6 7. O-O Be7 8. Nbd2
O-O 9. Nb3 Nc6 10. Bg5 Bxf3 11. Bxf3 1-0

[Event "AUTO-INT-1749"]
[Site "http://www.queenalice.com/game.php?id=843106"]
[Date "2010.10.8"]
[Round "2"]
[White "reynegro64"]
[Black "ries87"]
[Result "0-1"]
[WhiteElo "1510"]
[BlackElo "1614"]

1. e4 e5 2. Nf3 Nc6 3. Bb5 Nf6 4. O-O Nxe4 5. Bxc6 bxc6 6. d4 exd4 7. Re1 d5 8.
Qxd4 Be7 9. Qxg7 Bf6 10. Qh6 Bg4 0-1

[Event "AUTO-INT-1749"]
[Site "http://www.queenalice.com/game.php?id=843107"]
[Date "2010.10.8"]
[Round "2"]
[White "ries87"]
[Black "hgimenes"]
[Result "0-1"]
[WhiteElo "1637"]
[BlackElo "2029"]

1. e4 e5 2. Nf3 Nc6 3. Bb5 a6 4. Bxc6 dxc6 5. O-O Qd6 6. c3 Bg4 7. h3 Bxf3 8.
Qxf3 Nf6 9. d3 Be7 10. Be3 Qxd3 11. Nd2 O-O-O 12. Qg3 Bc5 13. Qxg7 Bxe3 14. fxe3
Qxe3+ 15. Rf2 Rhg8 16. Qxf6 Rxd2 17. Qxf7 Rxf2 18. Qxf2 Qxe4 19. Re1 Rxg2+ 20.
Qxg2 Qxe1+ 21. Qf1 Qxf1+ 22. Kxf1 Kd7 23. Kf2 Ke6 24. Kg3 Kf5 25. h4 Ke4 26. Kg4
Kd3 27. Kh5 e4 28. Kh6 e3 29. Kxh7 e2 30. Kg6 e1=Q 31. h5 Qe6+ 32. Kg7 Qg4+ 33.
Kh6 Qg8 34. b4 Ke4 0-1

[Event "AUTO-INT-1749"]
[Site "http://www.queenalice.com/game.php?id=843108"]
[Date "2010.10.8"]
[Round "2"]
[White "hgimenes"]
[Black "ries87"]
[Result "1-0"]
[WhiteElo "1912"]
[BlackElo "1615"]

1. e4 e5 2. Nf3 Nc6 3. Bb5 Nf6 4. O-O Nxe4 5. Re1 Ng5 6. Nxg5 Qxg5 7. d4 Qe7 8.
Nc3 Qd6 9. Be3 Be7 10. dxe5 Nxe5 11. Qxd6 cxd6 12. Nd5 Bf6 13. Nc7+ Kd8 14. Nxa8
Ng4 15. Bxa7 Bxb2 16. Bb6# 1-0

[Event "Challenge"]
[Site "http://www.queenalice.com/game.php?id=849992"]
[Date "2010.10.24"]
[Round "-"]
[White "Koen_"]
[Black "ries87"]
[Result "0-1"]
[WhiteElo "1242"]
[BlackElo "1584"]

1. e4 e5 2. Nf3 Nc6 3. Bc4 Nf6 4. Ng5 Bc5 5. Nxf7 Bxf2+ 6. Kxf2 Nxe4+ 7. Kg1 Qf6
8. Qe2 Rf8 9. Qxe4 Rxf7 10. Nc3 Qf2# 0-1

[Event "AUTO-INT-1797"]
[Site "http://www.queenalice.com/game.php?id=884904"]
[Date "2011.1.12"]
[Round "2"]
[White "marcioleijoto"]
[Black "ries87"]
[Result "1-0"]
[WhiteElo "1684"]
[BlackElo "1589"]

1. e4 e5 2. Nf3 Nc6 3. d4 exd4 4. Nxd4 Bc5 5. Be3 Qf6 6. c3 d6 7. Bb5 Bd7 8. b4
Bxd4 9. cxd4 Nxb4 10. Bxd7+ Kxd7 11. e5 Qf5 12. O-O 1-0

[Event "AUTO-INT-1797"]
[Site "http://www.queenalice.com/game.php?id=884905"]
[Date "2011.1.12"]
[Round "2"]
[White "ries87"]
[Black "marcioleijoto"]
[Result "0-1"]
[WhiteElo "1602"]
[BlackElo "1671"]

1. e4 e5 2. Nf3 Nc6 3. d4 Nxd4 4. Nxd4 exd4 5. Qxd4 c5 6. Qe5+ Qe7 7. Qf4 g6 8.
Nd2 Bg7 9. Bc4 Nh6 10. O-O O-O 11. Nf3 d6 0-1

[Event "AUTO-INT-1797"]
[Site "http://www.queenalice.com/game.php?id=884907"]
[Date "2011.1.12"]
[Round "2"]
[White "ries87"]
[Black "Tal0n"]
[Result "0-1"]
[WhiteElo "1635"]
[BlackElo "1611"]

1. d4 d5 2. Nc3 Nf6 3. f3 Nc6 4. e3 e5 5. Bb5 Bd7 6. dxe5 Nxe5 7. Qd4 Bxb5 8.
Nxb5 c5 9. Qxe5+ Qe7 10. Qxe7+ Kxe7 0-1

[Event "Challenge"]
[Site "http://www.queenalice.com/game.php?id=907536"]
[Date "2011.3.2"]
[Round "-"]
[White "dutchgalego"]
[Black "ries87"]
[Result "1-0"]
[WhiteElo "2083"]
[BlackElo "1573"]

1. e4 e5 2. Nc3 Nc6 3. Bc4 Nf6 4. Nf3 Bb4 5. a3 Bxc3 6. dxc3 Nxe4 7. Qd5 O-O 8.
Qxe4 h6 9. O-O d6 10. Nh4 Ne7 11. Ng6 Nxg6 12. Qxg6 d5 13. Bxd5 Qxd5 14. Qg3 Qc6
15. Qxe5 Re8 16. Qg3 Bf5 17. Bf4 Re7 18. Rac1 a5 19. h3 b6 20. Rfe1 Rae8 21. Re3
g5 22. Bxg5 hxg5 23. Qxg5+ Bg6 24. Rxe7 Rxe7 25. Qxe7 Be4 26. Qg5+ Bg6 27. h4
Kf8 28. Qh6+ Ke8 29. Re1+ Kd7 30. h5 Bxc2 31. Re7+ Kxe7 32. Qxc6 1-0

[Event "Challenge"]
[Site "http://www.queenalice.com/game.php?id=916647"]
[Date "2011.3.23"]
[Round "-"]
[White "ries87"]
[Black "CrazyPoet"]
[Result "1-0"]
[WhiteElo "1585"]
[BlackElo "1863"]

1. d4 Nf6 2. c4 c5 3. d5 b5 4. cxb5 a6 5. e3 g6 6. Nc3 Bg7 7. Nf3 O-O 8. a4 Bb7
9. e4 d6 10. Bg5 Qa5 11. Bd3 axb5 12. O-O b4 13. Nb5 Nbd7 14. Bf4 Ng4 15. Ng5
Nge5 16. Ra2 Nxd3 17. Qxd3 Bxb2 18. Rxb2 Qxa4 19. Nc7 Qa3 20. Qb5 Ra5 21. Qxd7
Qxb2 22. Qxe7 Ra1 23. Nce6 1-0

[Event "Jhonatan"]
[Site "http://www.queenalice.com/game.php?id=922922"]
[Date "2011.4.7"]
[Round "-"]
[White "jhonatansouza"]
[Black "ries87"]
[Result "0-1"]
[WhiteElo "1526"]
[BlackElo "1571"]

1. e4 e5 2. Nf3 Nc6 3. Bc4 Nf6 4. O-O Bc5 5. c3 Nxe4 6. d4 exd4 7. Re1 d5 8. Bb3
O-O 9. c4 dxc4 10. Bxc4 Nf6 11. a3 Ng4 12. Qd3 Qf6 13. Re4 Bf5 14. Bg5 Qg6 15.
Nbd2 Bxe4 16. Nxe4 Nce5 17. Qe2 Rfe8 18. Nxc5 Nxf3+ 19. Qxf3 Ne5 20. Qd5 Qxg5
21. Nxb7 c6 22. Qxd4 Nf3+ 23. Kf1 Nxd4 0-1

[Event "Jhonatan"]
[Site "http://www.queenalice.com/game.php?id=922923"]
[Date "2011.4.7"]
[Round "-"]
[White "ries87"]
[Black "jhonatansouza"]
[Result "1-0"]
[WhiteElo "1557"]
[BlackElo "1519"]

1. d4 d5 2. Nc3 Nc6 3. Nf3 Bf5 4. Bf4 Nf6 5. Nb5 e5 6. Nxe5 Nb4 7. a3 Nxc2+ 8.
Kd2 c6 9. b4 Qb6 10. Rc1 Nxd4 11. e3 Nxb5 12. Bxb5 Qxb5 13. Nf3 Ng4 14. Nd4 Qd3+
15. Ke1 Qxa3 16. Nxf5 Bxb4+ 17. Kf1 O-O 18. Rb1 Qd3+ 19. Qxd3 a5 20. Qd4 c5 21.
Qxg7# 1-0